| 000 -LEADER |
| fixed length control field |
01018pam a2200349 a 4500 |
| 001 - CONTROL NUMBER |
| control field |
015515629 |
| 003 - CONTROL NUMBER IDENTIFIER |
| control field |
Uk |
| 005 - DATE AND TIME OF LATEST TRANSACTION |
| control field |
20191205154324.0 |
| 008 - FIXED-LENGTH DATA ELEMENTS--GENERAL INFORMATION |
| fixed length control field |
100305r20102009enk 000 1 eng d |
| 015 ## - NATIONAL BIBLIOGRAPHY NUMBER |
| National bibliography number |
GBB042437 |
| Source |
bnb |
| 016 7# - NATIONAL BIBLIOGRAPHIC AGENCY CONTROL NUMBER |
| Record control number |
015515629 |
| Source |
Uk |
| 020 ## - INTERNATIONAL STANDARD BOOK NUMBER |
| International Standard Book Number |
9780552149525 (pbk.) : |
| 020 ## - INTERNATIONAL STANDARD BOOK NUMBER |
| International Standard Book Number |
0552149527 (pbk.) : |
| 040 ## - CATALOGING SOURCE |
| Original cataloging agency |
StDuBDS |
| Language of cataloging |
eng |
| Transcribing agency |
StDuBDS |
| Modifying agency |
Uk |
| 042 ## - AUTHENTICATION CODE |
| Authentication code |
ukblcatcopy |
| 082 ## - DEWEY DECIMAL CLASSIFICATION NUMBER |
| Classification number |
FIC BRO |
| 100 1# - MAIN ENTRY--PERSONAL NAME |
| Personal name |
Brown, Dan, |
| Dates associated with a name |
1964- |
| Relator term |
author |
| 245 14 - TITLE STATEMENT |
| Title |
The lost symbol / |
| Statement of responsibility, etc. |
Dan Brown. |
| 260 ## - PUBLICATION, DISTRIBUTION, ETC. |
| Place of publication, distribution, etc. |
London : |
| Name of publisher, distributor, etc. |
Corgi, |
| Date of publication, distribution, etc. |
2010. |
| 300 ## - PHYSICAL DESCRIPTION |
| Extent |
669 p. ; |
| Dimensions |
20 cm. |
| 336 ## - CONTENT TYPE |
| Content type term |
text |
| Source |
rdacontent |
| 337 ## - MEDIA TYPE |
| Media type term |
unmediated |
| Source |
rdamedia |
| 338 ## - CARRIER TYPE |
| Carrier type term |
volume |
| Source |
rdacarrier |
| 500 ## - GENERAL NOTE |
| General note |
Originally published: London: Bantam, 2009. |
| 500 ## - GENERAL NOTE |
| General note |
Formerly CIP. |
| Institution to which field applies |
Uk |
| 600 10 - SUBJECT ADDED ENTRY--PERSONAL NAME |
| Personal name |
Langdon, Robert |
| Titles and other words associated with a name |
(Fictitious character) |
| Form subdivision |
Fiction. |
| 650 #0 - SUBJECT ADDED ENTRY--TOPICAL TERM |
| Topical term or geographic name entry element |
Cryptographers |
| Form subdivision |
Fiction. |
| 650 #0 - SUBJECT ADDED ENTRY--TOPICAL TERM |
| Topical term or geographic name entry element |
Freemasonry |
| Form subdivision |
Fiction. |
| 655 #0 - INDEX TERM--GENRE/FORM |
| Genre/form data or focus term |
Suspense fiction. |
| 942 ## - ADDED ENTRY ELEMENTS (KOHA) |
| Source of classification or shelving scheme |
|
| Koha item type |
Books - Fiction |